000 00438 a2200157 4500
999 _c906
_d906
020 _a0869259733
050 0 0 _aPL8681.9.CHI1998
100 1 _aChirikure, Chirikure.
245 1 0 _aRukuvhute :
_bmuunganidzwa wenhetembo /
_cChirikure Chirikure.
264 _aHarare;
_bCollege press.,
_c2004
300 _a66 p. ;
500 _aIn Shona
650 _aPoems-- Shona
942 _2lcc
_cBK
_h8681.7
_iCHI
_kPL